Fundamentos de enfermería práctica (Registro nro. 21389)

Detalles MARC
000 -LEADER
fixed length control field 02607nmm a2200409 a 4500
001 - CONTROL NUMBER
control field 0000024579
003 - CONTROL NUMBER IDENTIFIER
control field CO-CtgCURN
005 - DATE AND TIME OF LATEST TRANSACTION
control field 20250421173828.0
007 - PHYSICAL DESCRIPTION FIXED FIELD--GENERAL INFORMATION
fixed length control field co cga---uuuuu
008 - FIXED-LENGTH DATA ELEMENTS--GENERAL INFORMATION
fixed length control field 160628s2012 i eng d
020 ## - INTERNATIONAL STANDARD BOOK NUMBER
International Standard Book Number 9788480868860
040 ## - CATALOGING SOURCE
Original cataloging agency CO-CtgCURN
Language of cataloging spa
Transcribing agency coctgcurn
082 0# - DEWEY DECIMAL CLASSIFICATION NUMBER
Classification number 610.73
Item number S714
100 1# - MAIN ENTRY--PERSONAL NAME
Personal name Sorrentino, Sheila A.
245 10 - TITLE STATEMENT
Title Fundamentos de enfermería práctica
Medium [electronic resource] /
Statement of responsibility, etc. Sheilla A. Sorrentino, Leighann N. Remmert, Bernie Gorek.
250 ## - EDITION STATEMENT
Edition statement 4a. ed.
260 ## - PUBLICATION, DISTRIBUTION, ETC.
Place of publication, distribution, etc. Barcelona :
Name of publisher, distributor, etc. Elsevier,
Date of publication, distribution, etc. 2012.
300 ## - PHYSICAL DESCRIPTION
Extent xx. 548 p. : il. + Cd-Rom.
336 ## - CONTENT TYPE
Source rdacontent
337 ## - MEDIA TYPE
Source rdamedia
Media type term sin mediacion
Media type code n
338 ## - CARRIER TYPE
Source rdacarrier
Carrier type term volumen
Carrier type code nc
505 8# - FORMATTED CONTENTS NOTE
Formatted contents note Introducción a hospitales y residencias asistidas -- Auxiliares de enfermeria -- etica laboral -- Comunicación con el equipo de salud -- Comprender a las personas -- Estructura y funcion del cuerpo -- Cuidado de la persona anciana -- Favorecer la seguridad -- Prevencion de caidas -- Alternativas de inmovilizacion y uso seguro de la retencion -- Prevencion de las infecciones -- Mecanica corporal -- Manejar, mover y trasladar al paciente de forma segura -- Ayuda al confort -- Ayuda con los procedimientos de higiene -- Ayuda con el aseo -- Ayuda a la eliminacion urinaria -- Ayudar a la evacuacion intestinal -- Ayudar con la nutricion y los liquidos -- Ayuda a la valoracion -- Ayuda con las muestras biologicas -- Ayuda al ejercicio y a la actividad -- Ayuda con el cuidado de las heridas -- Ayuda para cubrir las necesidades de oxigeno -- Ayuda a la rehabilitacion y a los cuidados de enfermeria tonificante -- Cuidados de las personas con problemas de salud habituales -- Atencion a las personas con problemas mentales -- La atencion a las personas con sindrome confusional y demencia -- Asistencia en el cuidado urgente -- Cuidados paliativos y atencion post mortem
534 ## - ORIGINAL VERSION NOTE
Main entry of original Mosbys essentials for nursing assistants.
650 #0 - SUBJECT ADDED ENTRY--TOPICAL TERM
Topical term or geographic name entry element Enfermeria
General subdivision Manuales.
650 #0 - SUBJECT ADDED ENTRY--TOPICAL TERM
Topical term or geographic name entry element Enfermeria practica
General subdivision Manuales, etc.
700 1# - ADDED ENTRY--PERSONAL NAME
Personal name Remmert, Leighann N.
700 1# - ADDED ENTRY--PERSONAL NAME
Personal name Gorek, Bernie.
908 ## - PUT COMMAND PARAMETER (RLIN)
Put command parameter 160627
942 ## - ADDED ENTRY ELEMENTS (KOHA)
Koha item type Libros
Classification part 610.73
Item part S714
Source of classification or shelving scheme Dewey Decimal Classification
Suppress in OPAC No
Existencias
Withdrawn status Lost status Source of classification or shelving scheme Damaged status Not for loan Collection Home library Current library Shelving location Date acquired Inventory number Total checkouts Full call number Barcode Date last seen Copy number Price effective from Koha item type Public note Date last checked out
    Dewey Decimal Classification     General Miguel Henríquez Emiliani Miguel Henríquez Emiliani General 03/31/2025 016653   610.73 S714 016653 03/31/2025 ej.1 03/31/2025 Libros 610-CIENME  
    Dewey Decimal Classification     General Miguel Henríquez Emiliani Miguel Henríquez Emiliani General 03/31/2025     610.73 S714 CDLI000092 03/31/2025 ej.2 03/31/2025 Libros 610-CIENME  
    Dewey Decimal Classification     General Miguel Henríquez Emiliani Miguel Henríquez Emiliani General 03/31/2025     610.73 S714 CDLI000093 03/31/2025 ej.3 03/31/2025 Libros 610-CIENME  
    Dewey Decimal Classification     General Miguel Henríquez Emiliani Miguel Henríquez Emiliani General 03/31/2025 016654   610.73 S714 016654 03/31/2025 ej.4 03/31/2025 Libros 610-CIENME  
    Dewey Decimal Classification     General Miguel Henríquez Emiliani Miguel Henríquez Emiliani General 03/31/2025     610.73 S714 CDLI000094 03/31/2025 ej.5 03/31/2025 Libros 610-CIENME  
    Dewey Decimal Classification     General Miguel Henríquez Emiliani Miguel Henríquez Emiliani General 03/31/2025 016655 1 610.73 S714 016655 10/18/2025 ej.6 03/31/2025 Libros 610-CIENME 10/18/2025
    Dewey Decimal Classification     General Miguel Henríquez Emiliani Miguel Henríquez Emiliani General 03/31/2025     610.73 S714 CDLI000095 03/31/2025 ej.7 03/31/2025 Libros 610-CIENME  
    Dewey Decimal Classification     General Miguel Henríquez Emiliani Miguel Henríquez Emiliani General 03/31/2025 016656   610.73 S714 016656 03/31/2025 ej.8 03/31/2025 Libros 610-CIENME